Les villes plus peuplée que leurs préfecture - Statistiques

Statistiques générales
  • Ce quiz a été pris 72 fois
  • Le résultat moyen est 28 sur 59
Statistiques - réponses
Département Ville % Correct
Finistère Brest
94%
Manche Cherbourg-en-Cotentin
90%
Haut-Rhin Mulhouse
88%
Morbihan Lorient
85%
Aude Narbonne
83%
Marne Reims
83%
Corrèze Brive-la-Gaillarde
81%
Pas-de-Calais Calais
81%
Allier Montluçon
79%
Seine-Maritime Le Havre
75%
Aisne Saint-Quentin
75%
Allier Vichy
75%
Val-d'Oise Argenteuil
73%
Seine-Saint-Denis Saint-Denis
73%
Haute-de-Seine Boulogne-Billancourt
71%
Jura Dole
71%
Saône-et-Loire Chalon-sur-Saône
69%
Pas-de-Calais Boulogne-sur-Mer
67%
Ariège Pamiers
67%
Ardèche Annonay
65%
Meuse Verdun
65%
Seine-Saint-Denis Aubervilliers
63%
Seine-et-Marne Meaux
63%
Seine-Saint-Denis Montreuil
63%
Val-d'Oise Cergy
62%
Aisne Soissons
62%
Ardèche Aubenas
60%
Haute-Marne Saint-Dizier
58%
Guadeloupe Les Abymes
52%
Alpes-de-Haute-Provence Manosque
52%
Val-d'Oise Sarcelles
52%
Ardèche Tournon-sur-Rhône
50%
Seine-et-Marne Chelles
48%
Seine-Saint-Denis Aulnay-sous-Bois
46%
Seine-Saint-Denis Drancy
46%
Guadeloupe Pointe-à-Pitre
46%
Mayotte Mamoudzou
42%
Seine-Saint-Denis Pantin
38%
Guadeloupe Baie-Mahault
31%
Seine-Saint-Denis Bondy
29%
Mayotte Koungou
27%
Seine-Saint-Denis Noisy-le-grand
27%
Seine-Saint-Denis Epinay-sur-Seine
25%
Val-d'Oise Garges-lès-Gonesse
21%
Seine-Saint-Denis Le Blanc Mesnil
19%
Val-d'Oise Vitry-sur-Seine
19%
Val-d'Oise Franconville
17%
Val-d'Oise Goussainville
17%
Guadeloupe Le Gosier
15%
Ardèche Le Teil
13%
Ardèche Guilherand-Granges
12%
Guadeloupe Saint-François
10%
Guadeloupe Capesterre-Belle-Eau
8%
Guadeloupe Lamentin
8%
Guadeloupe Sainte-Anne
8%
Guadeloupe Sainte-Rose
8%
Guadeloupe Morne-à-l'Eau
2%
Guadeloupe Petit-Bourg
2%
Guadeloupe La Moule
0%
Aucun quiz correspondant
Distribution des résultats
% des personnes avec chaque résultat
Percentile par nombre de réponses
Votre historique - résultats
Vous n’avez pas pris ce quiz